000 00359 a2200145 4500
001 195469
040 _cMagnum
100 _aBernardes, Meiling
240 1 0 _aA viola que queria ser violino
_lpor
245 1 0 _aA viola que queria ser violino
362 0 _a2020
440 1 _aPromove Artes Gráficas e Editora
697 _aLITERATURA INFANTIL
942 _cBK
999 _c195469
_d195469